000 00354 a2200157 4500
001 164556
020 _a
040 _cMagnum
100 _aBandeira, Pedro
240 1 0 _aMalasaventuras: safadezas do malasarte
_lpor
245 1 0 _aMalasaventuras: safadezas do malasarte
362 0 _a1899
440 1 _aModerna
697 _aIJ/POESIA
942 _cBK
999 _c164556
_d164556